Basic Mathematics and Its Application in Economics (Record no. 14404)

MARC details
000 -LEADER
fixed length control field 00391nam a22001577a 4500
020 ## - INTERNATIONAL STANDARD BOOK NUMBER
ISBN 9380644906
022 ## - INTERNATIONAL STANDARD SERIAL NUMBER
ISSN 978-9380644905
082 ## - DEWEY DECIMAL CLASSIFICATION NUMBER
Classification number 510BAR
100 ## - MAIN ENTRY--AUTHOR NAME
Personal name Baruah S
245 ## - TITLE STATEMENT
Title Basic Mathematics and Its Application in Economics
260 ## - PUBLICATION, DISTRIBUTION, ETC. (IMPRINT)
Place of publication New Delhi
Name of publisher Trinity Press
Year of publication 2014
300 ## - PHYSICAL DESCRIPTION
Number of Pages 488
650 ## - SUBJECT ADDED ENTRY--TOPICAL TERM
Topical Term Business mathematics
650 ## - SUBJECT ADDED ENTRY--TOPICAL TERM
Topical Term Economics, Mathematical
942 ## - ADDED ENTRY ELEMENTS (KOHA)
Koha item type Books
Holdings
Withdrawn status Lost status Home library Current library Date acquired Cost, normal purchase price Full call number Accession Number Koha item type
    Central Library, QUEST, Nawabshah Central Library, QUEST, Nawabshah 28/10/2015 1314.00 510BAR 53392 Books